[Event "1MCRV_F"]
[Site "?"]
[Date "2002.??.??"]
[Round "?"]
[White "Hybl, Vladislav"]
[Black "Vondracek, Emil"]
[Result "1/2-1/2"]
[WhiteElo "2305"]
[BlackElo "2280"]
[PlyCount "82"]
[EventDate "2002.??.??"]
[EventType "corr"]
[EventRounds "2"]
[SourceDate "2004.??.??"]

1. e4 e5 2. Nf3 Nc6 3. Bb5 a6 4. Ba4 Nf6 5. O-O b5 6. Bb3 Bb7 7. c3 Nxe4 8. d4
Na5 9. Nxe5 Nxb3 10. Qxb3 Nd6 11. Re1 Be7 12. Nd2 O-O 13. a4 Rb8 14. axb5 axb5
15. Nf1 Bh4 16. Bf4 Ne4 17. Be3 d6 18. Nf3 Bf6 19. Qxb5 Nxc3 20. bxc3 Bxf3 21.
Qd3 Bc6 22. Ra7 Ra8 23. Rea1 Qb8 24. Rxa8 Bxa8 25. Ng3 Re8 26. c4 Qb7 27. f3 d5
28. cxd5 Qxd5 29. Ne4 Be7 30. Rc1 c6 31. Nc5 Bd6 32. Ne4 Be7 33. Nc5 Qd8 34.
Bf4 Bxc5 35. Rxc5 Bb7 36. Re5 Rxe5 37. Bxe5 Bc8 38. Qe4 Qd5 39. Qxd5 cxd5 40.
Kf2 f6 41. Bf4 Kf7 1/2-1/2

[Event "1MCRV_F"]
[Site "?"]
[Date "2002.??.??"]
[Round "?"]
[White "Kuta, Jiri"]
[Black "Nosek, Jaroslav"]
[Result "1/2-1/2"]
[WhiteElo "2320"]
[BlackElo "2275"]
[PlyCount "110"]
[EventDate "2002.??.??"]
[EventType "corr"]
[EventRounds "2"]
[SourceDate "2004.??.??"]

1. d4 Nf6 2. c4 e6 3. Nf3 b6 4. a3 Bb7 5. Nc3 d5 6. cxd5 Nxd5 7. Qc2 Nxc3 8.
Qxc3 Be7 9. Bf4 Bd6 10. Bg5 Qc8 11. e3 O-O 12. Bd3 Nd7 13. e4 c5 14. e5 Bc7 15.
Rc1 h6 16. Bd2 f6 17. b4 fxe5 18. bxc5 exd4 19. Nxd4 Nxc5 20. Bc4 Be5 21. Qe3
Bf4 22. Qe2 Bxd2+ 23. Qxd2 Kh8 24. O-O e5 25. Ne2 Qg4 26. Ng3 Rad8 27. Qe2 Qxe2
28. Bxe2 g6 29. f3 Kg7 30. a4 h5 31. a5 h4 32. axb6 axb6 33. Nh1 h3 34. gxh3
Rd2 35. Ng3 Ne6 36. Rfd1 Rxd1+ 37. Bxd1 Nd4 38. Rc7+ Rf7 39. Rxf7+ Kxf7 40. Kf2
b5 41. Ke3 b4 42. Ne4 Bd5 43. Kd3 Ke7 44. Nd2 Ne6 45. Ke3 Nf4 46. Bc2 Kd6 47.
Be4 Be6 48. Bc2 Bxh3 49. Ne4+ Ke7 50. Nc5 Bf5 51. Be4 Bxe4 52. Kxe4 Kd6 53.
Nb7+ Kc6 54. Na5+ Kb5 55. Nb3 Kc4 1/2-1/2

[Event "1MCRV_F"]
[Site "?"]
[Date "2002.??.??"]
[Round "?"]
[White "Sluka, Vaclav"]
[Black "Pytlik, Lesek"]
[Result "1/2-1/2"]
[WhiteElo "2245"]
[BlackElo "2260"]
[PlyCount "100"]
[EventDate "2002.??.??"]
[EventType "corr"]
[EventRounds "2"]
[SourceDate "2004.??.??"]

1. d4 Nf6 2. c4 c5 3. d5 g6 4. Nc3 Bg7 5. e4 d6 6. Bf4 O-O 7. Be2 Qa5 8. Bd2
Na6 9. Nf3 Qd8 10. O-O Re8 11. Bf4 Qb6 12. Qd2 Nh5 13. Bg5 Nf6 14. h3 Bd7 15.
Rfe1 Nh5 16. a3 Rac8 17. Bd1 Qa5 18. e5 dxe5 19. Nxe5 Bxe5 20. Rxe5 f6 21. Re1
Ng7 22. Be3 Nf5 23. Bg4 Nb8 24. Bxf5 Bxf5 25. Qe2 Qa6 26. Bf4 Qb6 27. Rad1 Kh8
28. Ne4 Nd7 29. Ng3 e5 30. Bc1 Rcd8 31. b4 Qd6 32. Be3 Rc8 33. b5 a6 34. a4 Rg8
35. Rc1 Qe7 36. Red1 axb5 37. cxb5 b6 38. Rc4 Ra8 39. Bd2 Ra7 40. Bc3 Rga8 41.
Qa2 Qd6 42. f4 Kg8 43. Qb3 Re8 44. Qa2 Rea8 45. Qf2 Qf8 46. Nxf5 gxf5 47. fxe5
fxe5 48. Re1 Rxa4 49. Rxa4 Rxa4 50. Bxe5 Re4 1/2-1/2

[Event "1MCRV_F"]
[Site "?"]
[Date "2002.??.??"]
[Round "?"]
[White "Sykora, Josef"]
[Black "Kuchta, Jiri"]
[Result "1/2-1/2"]
[WhiteElo "2370"]
[BlackElo "2255"]
[PlyCount "83"]
[EventDate "2002.??.??"]
[EventType "corr"]
[EventRounds "2"]
[SourceDate "2004.??.??"]

1. Nf3 c5 2. g3 d5 3. Bg2 Nc6 4. O-O e5 5. d3 Nf6 6. Nbd2 Bd6 7. e4 d4 8. h3
O-O 9. Nh4 Re8 10. Nf5 Bf8 11. g4 Be6 12. Nf3 c4 13. dxc4 Bxc4 14. Re1 Qb6 15.
a3 Rac8 16. b3 Be6 17. Bf1 Qc7 18. Bd3 a6 19. Bd2 Nd7 20. Qe2 Nc5 21. b4 Nxd3
22. cxd3 f6 23. N3h4 g6 24. Ng3 Qb6 25. Reb1 Na7 26. a4 Rc2 27. Qd1 Rec8 28.
Ng2 Bf7 29. Ne1 Ra2 30. Rxa2 Bxa2 31. Rb2 Bf7 32. Ne2 Qd8 33. Rc2 Rxc2 34. Qxc2
Nc6 35. Qb2 b5 36. axb5 axb5 37. Qa3 Qc8 38. f4 exf4 39. Nxf4 g5 40. Nfg2 Bd6
41. Qc1 Kg7 42. h4 1/2-1/2

[Event "1MCRV_F"]
[Site "?"]
[Date "2002.??.??"]
[Round "?"]
[White "Mudra, Oldrich"]
[Black "Skalicky, Frantisek"]
[Result "0-1"]
[WhiteElo "2200"]
[BlackElo "2245"]
[PlyCount "64"]
[EventDate "2002.??.??"]
[EventType "corr"]
[EventRounds "2"]
[SourceDate "2004.??.??"]

1. d4 Nf6 2. Nf3 b6 3. c4 Bb7 4. Nc3 e6 5. a3 d5 6. cxd5 Nxd5 7. e3 Be7 8. Bb5+
c6 9. Bd3 O-O 10. Qc2 h6 11. e4 Nxc3 12. bxc3 c5 13. O-O cxd4 14. cxd4 Nc6 15.
Be3 Rc8 16. Qb2 Na5 17. Nd2 Qd6 18. f3 Rc7 19. g3 Rd8 20. e5 Qd7 21. Rac1 Rdc8
22. Rxc7 Rxc7 23. Ra1 Qc8 24. a4 Rc3 25. Qb1 Qd8 26. Kf2 f5 27. Be2 Bg5 28. f4
Bxf4 29. Bxf4 Qxd4+ 30. Ke1 g5 31. Qa2 Bd5 32. Qb2 gxf4 0-1

[Event "1MCRV_F"]
[Site "?"]
[Date "2002.??.??"]
[Round "?"]
[White "Nevole, Milan"]
[Black "Koukal, Vladimir"]
[Result "1-0"]
[WhiteElo "2210"]
[BlackElo "2240"]
[PlyCount "69"]
[EventDate "2002.??.??"]
[EventType "corr"]
[EventRounds "2"]
[SourceDate "2004.??.??"]

1. d4 Nf6 2. c4 e6 3. Nc3 Bb4 4. e3 b6 5. Nge2 c5 6. a3 Ba5 7. Rb1 Na6 8. Qa4
Bb7 9. b4 Bc6 10. b5 Ne4 11. Qc2 cxd4 12. exd4 Qh4 13. bxc6 Qxf2+ 14. Kd1 Nxc3+
15. Nxc3 Qxd4+ 16. Bd2 dxc6 17. Kc1 Rd8 18. Be2 Nc5 19. Be1 O-O 20. Kb2 e5 21.
Rd1 Qe3 22. Ka2 e4 23. Rf1 Nd3 24. Bd2 Qd4 25. Nb1 Bxd2 26. Nxd2 Nc5 27. Nb3
Qe5 28. Nxc5 bxc5 29. Rxd8 Rxd8 30. g3 Qe6 31. Rd1 Rf8 32. g4 Qe7 33. Bf1 e3
34. Bd3 Qh4 35. Qe2 1-0

[Event "1MCRV_F"]
[Site "?"]
[Date "2002.??.??"]
[Round "?"]
[White "Koukal, Vladimir"]
[Black "Mudra, Oldrich"]
[Result "1-0"]
[WhiteElo "2240"]
[BlackElo "2200"]
[PlyCount "101"]
[EventDate "2002.??.??"]
[EventType "corr"]
[EventRounds "2"]
[SourceDate "2004.??.??"]

1. e4 d6 2. d4 Nf6 3. Nc3 g6 4. Nf3 Bg7 5. Bc4 Nc6 6. d5 Na5 7. Bd3 c5 8. a3 b6
9. O-O O-O 10. b4 Nb7 11. Bd2 a6 12. b5 axb5 13. Bxb5 Bd7 14. Qe2 e6 15. Rfb1
exd5 16. Bxd7 Nxd7 17. exd5 Ne5 18. Re1 Re8 19. Nxe5 dxe5 20. Nb5 e4 21. Nc3
Bxc3 22. Bxc3 Qxd5 23. Qb5 Qe6 24. f3 e3 25. Qb2 f5 26. Bg7 e2 27. Bh6 Re7 28.
Bg5 Qe5 29. Qxe5 Rxe5 30. Kf2 Rae8 31. c3 R5e6 32. Ra2 Nd6 33. Raxe2 Rxe2+ 34.
Rxe2 Ra8 35. Re6 Nc4 36. a4 Ra7 37. Bd8 Rxa4 38. Re8+ Kg7 39. Re7+ Kh6 40. h4
Ra2+ 41. Kg3 Rd2 42. Bc7 g5 43. hxg5+ Kg6 44. Re6+ Kf7 45. Rf6+ Kg7 46. Bxb6
Ne3 47. Re6 Re2 48. Re7+ Kg6 49. Bxc5 f4+ 50. Kh3 Kxg5 51. g3 1-0

[Event "1MCRV_F"]
[Site "?"]
[Date "2002.??.??"]
[Round "?"]
[White "Skalicky, Frantisek"]
[Black "Sykora, Josef"]
[Result "0-1"]
[WhiteElo "2245"]
[BlackElo "2370"]
[PlyCount "76"]
[EventDate "2002.??.??"]
[EventType "corr"]
[EventRounds "2"]
[SourceDate "2004.??.??"]

1. e4 c6 2. d4 d5 3. Bf4 dxe4 4. c4 Nf6 5. Nc3 Bf5 6. Be2 Qd7 7. Be5 Na6 8. f3
e6 9. g4 exf3 10. Bxf3 Bg6 11. g5 Ng8 12. Nge2 h6 13. Nf4 Bf5 14. d5 Nb4 15.
dxc6 Qxd1+ 16. Rxd1 Nxc6 17. Bxc6+ bxc6 18. Nh5 Rh7 19. gxh6 Nxh6 20. Ng3 Bh3
21. Nge4 Ng4 22. Bg3 Ne3 23. Rc1 Rh5 24. c5 Bxc5 25. Nxc5 Rxc5 26. Ke2 Nf5 27.
Bf2 Re5+ 28. Kf3 Rb8 29. b3 g5 30. Rhe1 Ra5 31. Rc2 Rd8 32. Rd1 Rxd1 33. Nxd1
e5 34. Nc3 g4+ 35. Ke2 Bg2 36. Kd3 Bf3 37. b4 Ra6 38. Rc1 Kd7 0-1

[Event "1MCRV_F"]
[Site "?"]
[Date "2002.??.??"]
[Round "?"]
[White "Kuchta, Jiri"]
[Black "Sluka, Vaclav"]
[Result "1-0"]
[WhiteElo "2255"]
[BlackElo "2245"]
[PlyCount "87"]
[EventDate "2002.??.??"]
[EventType "corr"]
[EventRounds "2"]
[SourceDate "2004.??.??"]

1. e4 e6 2. d4 d5 3. Nc3 Bb4 4. e5 c5 5. a3 Bxc3+ 6. bxc3 Ne7 7. Qg4 O-O 8. Bd3
f5 9. exf6 Rxf6 10. Qh5 g6 11. Qg5 Nd7 12. Nf3 Nc6 13. O-O Qa5 14. Bd2 c4 15.
Be2 Rf7 16. Qg3 Nf6 17. Ng5 Rf8 18. Bf4 Ne7 19. Bc7 Qa4 20. Bd1 h6 21. Nf3 Ne4
22. Qh3 Kh7 23. Ne5 Bd7 24. Ng4 Nf5 25. Bf4 h5 26. Ne5 Be8 27. Bf3 Qxc2 28.
Bxe4 dxe4 29. Bg5 Bc6 30. g4 Ng7 31. Rae1 Rg8 32. Re3 Rac8 33. Rg3 Be8 34. d5
Rf8 35. d6 e3 36. Rxe3 Qd2 37. Be7 Bc6 38. gxh5 gxh5 39. d7 Rb8 40. Qg3 Qd5 41.
f3 Qd2 42. Rfe1 Ra8 43. Bxf8 Rxf8 44. Qg6+ 1-0

[Event "1MCRV_F"]
[Site "?"]
[Date "2002.??.??"]
[Round "?"]
[White "Pytlik, Lesek"]
[Black "Kuta, Jiri"]
[Result "1-0"]
[WhiteElo "2260"]
[BlackElo "2320"]
[PlyCount "83"]
[EventDate "2002.??.??"]
[EventType "corr"]
[EventRounds "2"]
[SourceDate "2004.??.??"]

1. d3 d5 2. Nf3 g6 3. g3 Bg7 4. Bg2 e5 5. O-O Nc6 6. e4 Nf6 7. Nc3 d4 8. Ne2
O-O 9. Ne1 Qd6 10. h3 Nd7 11. f4 Nc5 12. Nf3 f6 13. Nh4 a5 14. f5 Ne7 15. Bd2
b6 16. g4 g5 17. Nf3 c6 18. Ng3 Bd7 19. Nh5 Bh8 20. Kf2 Be8 21. Ng3 h6 22. h4
Nc8 23. Rh1 Rf7 24. Ke2 Qd8 25. Qg1 Raa7 26. Rh3 Rh7 27. Qf2 Nd6 28. Rah1 Rae7
29. Kd1 Reg7 30. Bf1 Qc7 31. Qh2 Re7 32. Be2 Reg7 33. hxg5 hxg5 34. Bxg5 Rxh3
35. Qxh3 Rh7 36. Bh4 Qf7 37. b3 a4 38. g5 axb3 39. axb3 Qa7 40. Ke1 fxg5 41.
Nxg5 Rh6 42. b4 1-0

[Event "1MCRV_F"]
[Site "?"]
[Date "2002.??.??"]
[Round "?"]
[White "Nosek, Jaroslav"]
[Black "Hybl, Vladislav"]
[Result "0-1"]
[WhiteElo "2275"]
[BlackElo "2305"]
[PlyCount "102"]
[EventDate "2002.??.??"]
[EventType "corr"]
[EventRounds "2"]
[SourceDate "2004.??.??"]

1. d4 f5 2. Bg5 h6 3. Bh4 g5 4. e3 Nf6 5. Be2 Bg7 6. Bh5+ Kf8 7. Bg3 Nxh5 8.
Qxh5 c5 9. c3 cxd4 10. cxd4 Qb6 11. Qe2 Qc6 12. Nf3 Qc1+ 13. Qd1 Qxb2 14. Nbd2
d6 15. O-O Nc6 16. Nb3 Qa3 17. Rc1 Nb4 18. Nfd2 Be6 19. Qf3 Qa6 20. a3 g4 21.
Qd1 Nd5 22. e4 fxe4 23. Nxe4 Rc8 24. Re1 Rxc1 25. Qxc1 Bf5 26. Bh4 Kf7 27. Ng3
Bg6 28. Qd1 h5 29. Ne4 Re8 30. Nbd2 Qd3 31. Qa4 Kf8 32. Qxa7 Nf4 33. Qxb7 d5
34. Bg5 Ne2+ 35. Rxe2 Qxe2 36. Ng3 Qe1+ 37. Ngf1 e6 38. Be3 Qa1 39. Qb4+ Kg8
40. Nb3 Qb1 41. Qc3 Qd1 42. Bf4 Rf8 43. Bg3 Bd3 44. Nbd2 Bxf1 45. Nxf1 Qxd4 46.
Qe1 Qf6 47. Bd6 Rf7 48. a4 e5 49. Bc5 Qc6 50. Qa5 Rf4 51. Bb4 Kh7 0-1

[Event "1MCRV_F"]
[Site "?"]
[Date "2002.??.??"]
[Round "?"]
[White "Vondracek, Emil"]
[Black "Kostal, Jindrich"]
[Result "1/2-1/2"]
[WhiteElo "2280"]
[BlackElo "2305"]
[PlyCount "115"]
[EventDate "2002.??.??"]
[EventType "corr"]
[EventRounds "2"]
[SourceDate "2004.??.??"]

1. Nf3 d5 2. d4 Nf6 3. c4 e6 4. Nc3 c6 5. e3 Nbd7 6. Qc2 Bd6 7. Be2 dxc4 8.
Bxc4 e5 9. O-O O-O 10. h3 exd4 11. exd4 Nb6 12. Bb3 Nbd5 13. Bg5 Be6 14. Rae1
h6 15. Nxd5 cxd5 16. Bh4 Rc8 17. Qd3 Re8 18. Ne5 g5 19. Bg3 Ne4 20. Bh2 Qa5 21.
Re2 Bf5 22. Qf3 Bxe5 23. Bxe5 Bg6 24. h4 Rc6 25. hxg5 hxg5 26. Qh3 f6 27. Qd7
Kh8 28. Qxb7 Rb6 29. Bc7 Rxb7 30. Bxa5 Nd6 31. Rxe8+ Bxe8 32. Bd8 Kg7 33. f4
Rd7 34. Ba5 Nc4 35. Bb4 gxf4 36. Bc3 Bg6 37. Rxf4 Rc7 38. Kf2 Be4 39. Rh4 f5
40. g3 Rc8 41. Rh3 Kg6 42. Rh2 Rb8 43. Ke2 a6 44. Kf2 Bd3 45. Kf3 Re8 46. Bd1
Ne3 47. Ba4 Re4 48. Rh1 Nc4 49. Bd1 Ne3 50. Bb3 Nc4 51. Bxc4 Bxc4 52. b3 Be2+
53. Kf2 Bb5 54. Re1 Bd3 55. Bd2 Rxe1 56. Kxe1 Bb1 57. Kd1 Kf7 58. a4 1/2-1/2

[Event "1MCRV_F"]
[Site "?"]
[Date "2002.??.??"]
[Round "?"]
[White "Kostal, Jindrich"]
[Black "Nosek, Jaroslav"]
[Result "1-0"]
[WhiteElo "2305"]
[BlackElo "2275"]
[PlyCount "117"]
[EventDate "2002.??.??"]
[EventType "corr"]
[EventRounds "2"]
[SourceDate "2004.??.??"]

1. e4 e6 2. d4 d5 3. Nd2 c5 4. exd5 Qxd5 5. Ngf3 cxd4 6. Bc4 Qd6 7. O-O Nf6 8.
Nb3 Nc6 9. Nbxd4 Nxd4 10. Nxd4 a6 11. Bb3 Qc7 12. Qf3 Bd6 13. h3 Bh2+ 14. Kh1
Be5 15. c3 O-O 16. Bg5 Bd7 17. Rad1 h6 18. Bh4 Rac8 19. Rfe1 Rfd8 20. Rd3 b5
21. Qe2 g5 22. Bxg5 hxg5 23. Qxe5 Qxe5 24. Rxe5 Nh7 25. Re1 Kg7 26. Red1 Nf6
27. Kg1 Rc5 28. Bc2 Rdc8 29. a3 Bc6 30. Nxc6 R8xc6 31. Rd8 Rc7 32. Kf1 Nd5 33.
Ra8 R5c6 34. Be4 Rd6 35. Rd3 Rc4 36. Bxd5 exd5 37. b3 Re4 38. g3 f5 39. Rc8 f4
40. Kg2 Kf7 41. Rc7+ Kf6 42. h4 fxg3 43. hxg5+ Kxg5 44. Rxg3+ Kf6 45. Rcg7 Ree6
46. R3g5 Rd8 47. Kf3 Rde8 48. Kg4 Re2 49. R7g6+ Kf7 50. f4 Rg2+ 51. Kf5 Rxg5+
52. fxg5 Rc8 53. Rxa6 Rxc3 54. b4 d4 55. Ra5 d3 56. Rxb5 Rxa3 57. g6+ Kg7 58.
Rb7+ Kg8 59. Rd7 1-0

[Event "1MCRV_F"]
[Site "?"]
[Date "2002.??.??"]
[Round "?"]
[White "Hybl, Vladislav"]
[Black "Pytlik, Lesek"]
[Result "1/2-1/2"]
[WhiteElo "2305"]
[BlackElo "2260"]
[PlyCount "113"]
[EventDate "2002.??.??"]
[EventType "corr"]
[EventRounds "2"]
[SourceDate "2004.??.??"]

1. e4 d5 2. exd5 Nf6 3. d4 Nxd5 4. Nf3 g6 5. Be2 Bg7 6. O-O O-O 7. c4 Nb6 8.
Nc3 c6 9. Be3 Bg4 10. Ne5 Bxe2 11. Qxe2 Qc8 12. f4 Rd8 13. b3 N6d7 14. Rad1 Nf6
15. Qf3 Nbd7 16. d5 cxd5 17. Nxd5 Nxd5 18. Rxd5 e6 19. Rxd7 Rxd7 20. Nxd7 Qxd7
21. Rd1 Qc7 22. Rd3 a6 23. Qd1 Bf8 24. Rd7 Qc6 25. Rd8 Rxd8 26. Qxd8 Qd6 27.
Qxd6 Bxd6 28. Kf2 e5 29. Kf3 f5 30. fxe5 Bxe5 31. a4 Kf7 32. b4 h5 33. h3 Ke6
34. b5 Bf6 35. a5 Bd8 36. c5 Kd7 37. c6+ bxc6 38. bxa6 Kc8 39. Kf4 Bf6 40. a7
Kb7 41. a6+ Ka8 42. Bc5 h4 43. Bb6 Be7 44. Ke5 Bb4 45. Kf6 c5 46. Kxg6 c4 47.
Kxf5 c3 48. Be3 Ba3 49. Kg4 Be7 50. Bd4 c2 51. Be3 Bf6 52. Bc1 Kxa7 53. Kf3
Kxa6 54. Ke2 Kb5 55. Kd3 Kc5 56. Kxc2 Kd4 57. Kd1 1/2-1/2

[Event "1MCRV_F"]
[Site "?"]
[Date "2002.??.??"]
[Round "?"]
[White "Kuta, Jiri"]
[Black "Kuchta, Jiri"]
[Result "1/2-1/2"]
[WhiteElo "2320"]
[BlackElo "2255"]
[PlyCount "106"]
[EventDate "2002.??.??"]
[EventType "corr"]
[EventRounds "2"]
[SourceDate "2004.??.??"]

1. d4 d5 2. c4 c6 3. Nf3 Nf6 4. Nc3 e6 5. e3 Nbd7 6. Qc2 Bd6 7. Bd3 O-O 8. Bd2
dxc4 9. Bxc4 e5 10. O-O Bc7 11. Ne2 Qe7 12. Ng3 e4 13. Ng5 Bxg3 14. fxg3 Nb6
15. Bb3 Nbd5 16. Rae1 h6 17. Nh3 Bxh3 18. gxh3 Qe6 19. Kg2 Rac8 20. Rc1 Rfd8
21. Qc4 b6 22. Qe2 Qe7 23. Rc2 Rc7 24. Rfc1 Rdc8 25. Qf2 Qd7 26. Ba4 a5 27. a3
Qe6 28. g4 b5 29. Bb3 a4 30. Bxd5 Nxd5 31. Rc5 Qe8 32. h4 Re7 33. Qf5 Nb6 34.
g5 Re6 35. Qf4 Rd8 36. R5c2 Nd5 37. Qg4 Rdd6 38. Kh1 Rg6 39. Qf5 Qe6 40. Qxe6
Rdxe6 41. Rg1 f6 42. Bc1 Kf7 43. Rf2 Re8 44. Rg4 h5 45. Rgg2 Ke6 46. Rf1 Rc8
47. Bd2 c5 48. Rc1 c4 49. Kg1 Rf8 50. Rf1 Rf7 51. Rgf2 Ra7 52. Kh1 Ra8 53. h3
Ra7 1/2-1/2

[Event "1MCRV_F"]
[Site "?"]
[Date "2002.??.??"]
[Round "?"]
[White "Sluka, Vaclav"]
[Black "Skalicky, Frantisek"]
[Result "0-1"]
[WhiteElo "2245"]
[BlackElo "2245"]
[PlyCount "70"]
[EventDate "2002.??.??"]
[EventType "corr"]
[EventRounds "2"]
[SourceDate "2004.??.??"]

1. d4 Nf6 2. c4 e6 3. Nf3 b6 4. g3 Bb7 5. Bg2 Be7 6. O-O O-O 7. Nc3 Ne4 8. Qc2
Nxc3 9. Qxc3 f5 10. Ne5 Bxg2 11. Kxg2 Bf6 12. Rd1 Qe8 13. Nf3 c5 14. Qe3 cxd4
15. Nxd4 Nc6 16. Nb5 Qf7 17. h3 Qe7 18. Rb1 a6 19. Na3 Rfb8 20. Qb3 d6 21. Bf4
Nd4 22. Qb4 Qb7+ 23. f3 e5 24. Be3 Re8 25. Kf2 f4 26. Bxd4 fxg3+ 27. Kg2 exd4
28. Re1 Rac8 29. Rbd1 Rc5 30. Rd2 Qd7 31. Qb3 Rh5 32. Rh1 Bg5 33. Rc2 Re3 34.
Qxb6 Qe8 35. h4 Bf4 0-1

[Event "1MCRV_F"]
[Site "?"]
[Date "2002.??.??"]
[Round "?"]
[White "Sykora, Josef"]
[Black "Koukal, Vladimir"]
[Result "1-0"]
[WhiteElo "2370"]
[BlackElo "2240"]
[PlyCount "125"]
[EventDate "2002.??.??"]
[EventType "corr"]
[EventRounds "2"]
[SourceDate "2004.??.??"]

1. Nf3 d5 2. g3 c5 3. Bg2 Nc6 4. O-O e5 5. d3 Nf6 6. Nbd2 Bg4 7. h3 Bf5 8. Re1
Be7 9. e4 dxe4 10. dxe4 Be6 11. Ng5 Bd7 12. Nc4 Qc7 13. Ne3 h6 14. Nf3 O-O 15.
Nd5 Nxd5 16. exd5 Nd4 17. Nxe5 Bf5 18. Nd3 c4 19. Bf4 Qd8 20. c3 cxd3 21. cxd4
Qd7 22. Be4 Bxh3 23. Qxd3 Bb4 24. Rec1 Bd6 25. Bxd6 Qxd6 26. Rc5 Rad8 27. Rac1
Rfe8 28. Bf3 a6 29. a3 Re7 30. R5c3 Qf6 31. Qd2 Bf5 32. Re3 Red7 33. Rce1 Kh7
34. Re8 Bg6 35. Qc3 a5 36. Rxd8 Qxd8 37. Kg2 f6 38. b4 axb4 39. Qxb4 Bf7 40.
Qb1+ g6 41. Qb5 b6 42. a4 Kg7 43. Rc1 Bxd5 44. Bxd5 Rxd5 45. Rc7+ Qxc7 46. Qxd5
h5 47. Qe6 g5 48. d5 Qc4 49. Qxb6 Qxd5+ 50. Kh2 Qe4 51. a5 h4 52. Qa7+ Kg6 53.
Qe3 Qd5 54. Qe8+ Kg7 55. Qe1 Kg6 56. gxh4 gxh4 57. Qe8+ Kg5 58. Qe3+ Kg6 59.
Qc3 Qd1 60. Qb4 Kh5 61. a6 Qd5 62. Qf4 Qc5 63. Kg1 1-0

[Event "1MCRV_F"]
[Site "?"]
[Date "2002.??.??"]
[Round "?"]
[White "Mudra, Oldrich"]
[Black "Nevole, Milan"]
[Result "0-1"]
[WhiteElo "2200"]
[BlackElo "2210"]
[PlyCount "60"]
[EventDate "2002.??.??"]
[EventType "corr"]
[EventRounds "2"]
[SourceDate "2004.??.??"]

1. d4 Nf6 2. Nf3 d5 3. Bf4 e6 4. e3 c5 5. c3 Qb6 6. Qc1 Nh5 7. Bg5 h6 8. Bh4 g5
9. Bg3 Nxg3 10. hxg3 Bg7 11. dxc5 Qxc5 12. Nbd2 Nc6 13. Nb3 Qe7 14. Qc2 e5 15.
Bb5 a6 16. Bxc6+ bxc6 17. e4 a5 18. a4 Be6 19. Nfd2 O-O 20. exd5 cxd5 21. Qd3
Rfb8 22. Ra3 Qf6 23. Ra1 Rb6 24. f3 Rab8 25. Nxa5 Rxb2 26. Qe3 d4 27. Qd3 Bf5
28. Ne4 Bxe4 29. Qxe4 dxc3 30. Nc4 R2b4 0-1

[Event "1MCRV_F"]
[Site "?"]
[Date "2002.??.??"]
[Round "?"]
[White "Nevole, Milan"]
[Black "Sykora, Josef"]
[Result "1/2-1/2"]
[WhiteElo "2210"]
[BlackElo "2370"]
[PlyCount "87"]
[EventDate "2002.??.??"]
[EventType "corr"]
[EventRounds "2"]
[SourceDate "2004.??.??"]

1. d4 Nf6 2. c4 e6 3. Nf3 b6 4. g3 Bb7 5. Bg2 Be7 6. O-O O-O 7. Nc3 Ne4 8. Bf4
d6 9. Qc2 Nxc3 10. Qxc3 Nd7 11. Qd3 Rb8 12. b3 Bf6 13. Rad1 Qe7 14. Rfe1 Rfe8
15. Qc2 e5 16. dxe5 dxe5 17. Bc1 Red8 18. e3 c5 19. Nd2 Bxg2 20. Kxg2 Qe6 21.
Bb2 Nf8 22. f3 Rb7 23. Ne4 Rbd7 24. Rxd7 Rxd7 25. Nxf6+ gxf6 26. Rd1 f5 27.
Rxd7 Nxd7 28. Qd3 Kf8 29. e4 fxe4 30. Qxe4 Qg6 31. g4 Qxe4 32. fxe4 f6 33. Kf3
Nb8 34. Ke2 Nc6 35. Bc1 Kf7 36. h4 Ke6 37. Bd2 Kf7 38. h5 Ke6 39. Ke3 Nd4 40.
Kd3 Nf3 41. Be3 Nh2 42. g5 Kf7 43. gxf6 Ng4 44. Bd2 1/2-1/2

[Event "1MCRV_F"]
[Site "?"]
[Date "2002.??.??"]
[Round "?"]
[White "Koukal, Vladimir"]
[Black "Sluka, Vaclav"]
[Result "0-1"]
[WhiteElo "2240"]
[BlackElo "2245"]
[PlyCount "42"]
[EventDate "2002.??.??"]
[EventType "corr"]
[EventRounds "2"]
[SourceDate "2004.??.??"]

1. e4 e6 2. d4 d5 3. Nc3 Bb4 4. e5 c5 5. Qg4 Ne7 6. Nf3 Nbc6 7. a3 Qa5 8. Bd2
cxd4 9. Nxd4 Nxd4 10. Qxd4 Nc6 11. Qg4 O-O 12. O-O-O Bxc3 13. Bxc3 Qc5 14. Rd3
a5 15. Qh4 Qe7 16. Qh5 Qc7 17. f4 b6 18. b4 axb4 19. Rh3 h6 20. Rg3 Kh8 21. Bb2
Bb7 0-1

[Event "1MCRV_F"]
[Site "?"]
[Date "2002.??.??"]
[Round "?"]
[White "Skalicky, Frantisek"]
[Black "Kuta, Jiri"]
[Result "1-0"]
[WhiteElo "2245"]
[BlackElo "2320"]
[PlyCount "75"]
[EventDate "2002.??.??"]
[EventType "corr"]
[EventRounds "2"]
[SourceDate "2004.??.??"]

1. e4 c5 2. Nf3 Nc6 3. d4 cxd4 4. Nxd4 Nf6 5. Nc3 e5 6. Ndb5 d6 7. Bg5 a6 8.
Na3 b5 9. Bxf6 gxf6 10. Nd5 f5 11. Bd3 Be6 12. Qh5 Rg8 13. g3 Rg4 14. Qxh7 Rg6
15. Qh5 f4 16. c3 Bg4 17. Qh4 Qxh4 18. gxh4 Bf3 19. h5 Rg7 20. h6 Rg6 21. Rf1
O-O-O 22. h7 Bg7 23. Nb1 Bg2 24. a4 Bxf1 25. Kxf1 b4 26. Bxa6+ Kb8 27. cxb4 Rh6
28. Ra3 Bf8 29. b5 Ne7 30. Nbc3 Rxh7 31. Nxe7 Bxe7 32. Nd5 Bg5 33. Nb4 Rxh2 34.
Nc6+ Kc7 35. Nxd8 Bxd8 36. a5 Rh1+ 37. Kg2 Rc1 38. b6+ 1-0

[Event "1MCRV_F"]
[Site "?"]
[Date "2002.??.??"]
[Round "?"]
[White "Kuchta, Jiri"]
[Black "Hybl, Vladislav"]
[Result "1/2-1/2"]
[WhiteElo "2255"]
[BlackElo "2305"]
[PlyCount "43"]
[EventDate "2002.??.??"]
[EventType "corr"]
[EventRounds "2"]
[SourceDate "2004.??.??"]

1. e4 Nf6 2. e5 Nd5 3. d4 d6 4. c4 Nb6 5. exd6 exd6 6. Nf3 Be7 7. Bd3 Nc6 8.
O-O Nb4 9. Be2 Bf5 10. a3 Nc6 11. d5 Ne5 12. Nd4 Bd7 13. f4 Ng6 14. Bd3 O-O 15.
Nc3 Bf6 16. Be3 Re8 17. Qd2 c5 18. dxc6 bxc6 19. Rae1 c5 20. Nf3 Bc6 21. b3 Rb8
22. Ng5 1/2-1/2

[Event "1MCRV_F"]
[Site "?"]
[Date "2002.??.??"]
[Round "?"]
[White "Pytlik, Lesek"]
[Black "Kostal, Jindrich"]
[Result "1/2-1/2"]
[WhiteElo "2260"]
[BlackElo "2305"]
[PlyCount "101"]
[EventDate "2002.??.??"]
[EventType "corr"]
[EventRounds "2"]
[SourceDate "2004.??.??"]

1. d3 d5 2. Nf3 Nf6 3. g3 Nc6 4. Bg2 e5 5. O-O Be6 6. a3 Bd6 7. Nbd2 h6 8. c4
e4 9. Nh4 dxc4 10. dxe4 O-O 11. Nf5 Qd7 12. Qc2 b5 13. Nf3 Bxf5 14. exf5 Rad8
15. Be3 Rfe8 16. Rad1 a6 17. Rfe1 Qe7 18. Nd4 Nxd4 19. Bxd4 Be5 20. Bxe5 Qxe5
21. e3 Rd6 22. Rxd6 cxd6 23. h3 d5 24. Rd1 Rb8 25. g4 b4 26. Rd4 bxa3 27. bxa3
Rb3 28. a4 Ra3 29. Bf3 Kh7 30. Kg2 Qe8 31. Bxd5 Nxd5 32. Rxd5 Qc6 33. Qe4 Rxa4
34. Re5 Qxe4+ 35. Rxe4 h5 36. Kf3 hxg4+ 37. hxg4 g5 38. Re5 Kg7 39. Rc5 a5 40.
Kg3 Ra3 41. Rxc4 a4 42. Rc6 Rb3 43. Ra6 Ra3 44. Kg2 Ra2 45. Kf3 a3 46. Ke4 Rxf2
47. Rxa3 Rg2 48. Kf3 Rg1 49. Ra6 Rb1 50. Rc6 Ra1 51. Rb6 1/2-1/2

[Event "1MCRV_F"]
[Site "?"]
[Date "2002.??.??"]
[Round "?"]
[White "Nosek, Jaroslav"]
[Black "Vondracek, Emil"]
[Result "1/2-1/2"]
[WhiteElo "2275"]
[BlackElo "2280"]
[PlyCount "111"]
[EventDate "2002.??.??"]
[EventType "corr"]
[EventRounds "2"]
[SourceDate "2004.??.??"]

1. d4 Nf6 2. Bg5 Ne4 3. Bh4 d5 4. Nd2 Bf5 5. f3 Nxd2 6. Qxd2 Qd7 7. e3 Nc6 8.
Ne2 e6 9. g4 Bg6 10. Nf4 Nb4 11. Nxg6 hxg6 12. Bg3 Bd6 13. Bxd6 Qxd6 14. c3 Nc6
15. O-O-O O-O-O 16. f4 Rh4 17. h3 Rdh8 18. Qe2 Na5 19. Qb5 b6 20. Bg2 Nc4 21.
Rde1 R4h6 22. Rhf1 c6 23. Qa4 Kb7 24. e4 Qc7 25. Rf2 Rc8 26. Bf1 b5 27. Qb3
Rhh8 28. Rf3 Qa5 29. a3 a6 30. Bxc4 dxc4 31. Qc2 Rhd8 32. f5 Rxd4 33. fxe6 fxe6
34. Rf7+ Rc7 35. Rxc7+ Kxc7 36. Qh2+ Kb7 37. Qe5 Rd3 38. Qxg7+ Qc7 39. Qxg6
Qf4+ 40. Kb1 Qf2 41. Rh1 Rd2 42. Ka1 Rxb2 43. Qg7+ Kb6 44. Qd4+ Qxd4 45. cxd4
Rb3 46. Ka2 Rg3 47. h4 c5 48. h5 Rxg4 49. h6 Rg8 50. h7 Rh8 51. d5 exd5 52.
Rh6+ Kb7 53. exd5 a5 54. Kb2 b4 55. Ka2 Ka7 56. Kb2 1/2-1/2